000 01133cab a22002295a 4500
001 L148200
008 090818e20090725xxkd f 000 0 eng d
035 _a(Sirsi) u148200
041 0 _aeng
100 1 _aCrosby, Neil
245 0 0 _aKept out of reach
260 _c2009
490 _aEstates Gazette
_v(0929) 25 July 2009, 92-93 (2)
520 _aReports on research undertaken by the University of Reading on the extent of dissemination of the Code for Leasing Business Premises in England and Wales 2007 . Finds that only a minority of small business tenants are aware of its existence and that it is rarely used for negotiation of new leases. Presents the Under-Secretary of State for Communities and Local Government's word of warning to the House of Commons on this subject.
590 _aKA
650 2 4 _aCODE FOR LEASING BUSINESS PREMISES IN ENGLAND AND WALES 2007
650 2 4 _aCODE FOR LEASING BUSINESS PREMISES IN ENGLAND AND WALES 2002
651 4 _aEngland and Wales
_y1543-
690 _aPROPERTY-COMMERCIAL PROPERTY-COMMERCIAL LANDLORD AND TENANT-COMMERCIAL LEASES
700 1 _aHughes, Cathy
942 _n0
999 _c81750
_d81750